[Event "Belgrade Trophy 20th"]
[Site "Belgrade"]
[Date "2007.11.30"]
[Round "9"]
[White "Mirkovic, Stevan"]
[Black "Spasic, Slavisa"]
[Result "1-0"]
[WhiteElo "2250"]
[BlackElo "2082"]
[PlyCount "35"]
[EventDate "2007.11.22"]
[EventType "swiss"]
[EventRounds "9"]
[EventCountry "YUG"]
[SourceTitle "CBM 121 Extra"]
[Source "ChessBase"]
[SourceDate "2008.01.10"]
[SourceVersion "1"]
[SourceVersionDate "2008.01.10"]
[SourceQuality "1"]

1. Nf3 d5 2. d4 Bf5 3. c4 e6 4. Nc3 h6 5. cxd5 Nf6 6. dxe6 fxe6 7. g3 Bd6 8. Bg2 Nc6 9. 0-0 Nb4 10. Bd2 c6 11. a3 Nbd5 12. Qb3 Qc7 13. Nh4 Bg4 14. h3 g5 15. Ng6 Rg8 16. Ne5 Bf5 17. e4 Nxc3 18. Bxc3 1-0